Fissured Land:an ecological History of India (Record no. 222876)

MARC details
000 -LEADER
fixed length control field 01529nam a22002417a 4500
005 - DATE AND TIME OF LATEST TRANSACTION
control field 20220511111137.0
008 - FIXED-LENGTH DATA ELEMENTS--GENERAL INFORMATION
fixed length control field 220511b ||||| |||| 00| 0 eng d
020 ## - INTERNATIONAL STANDARD BOOK NUMBER
International Standard Book Number 0195633415
040 ## - CATALOGING SOURCE
Transcribing agency AL
041 ## - LANGUAGE CODE
Language code of text/sound track or separate title English
082 ## - DEWEY DECIMAL CLASSIFICATION NUMBER
Edition number 23
Classification number 304.20954
Item number GADF
100 ## - MAIN ENTRY--PERSONAL NAME
Personal name Madhav Gadgil and others
100 ## - MAIN ENTRY--PERSONAL NAME
9 (RLIN) 35933
245 ## - TITLE STATEMENT
Title Fissured Land:an ecological History of India
260 ## - PUBLICATION, DISTRIBUTION, ETC.
Place of publication, distribution, etc. Delhi
Name of publisher, distributor, etc. Oxford university press
Date of publication, distribution, etc. 1996
300 ## - PHYSICAL DESCRIPTION
Extent xiv,274 p.
Other physical details PB
Dimensions 21x14 cm.
365 ## - TRADE PRICE
Currency code
Unit of pricing ₹145.00
520 ## - SUMMARY, ETC.
Summary, etc. This book emphasizes the significance of various ways of resource use in India. This book is divided into three parts. The first part examines the several forms of restraint on resource use reported from human societies. In the second part, a new interpretation of how the cultural and ecological mosaic of Indian society came together is discussed. The last part presents a socio-ecological analysis of the new modes of resource use which were introduced by the British, and which have continued to operate, with modifications, after Independence in 1947. It also indicates that the British colonial rule established a crucial watershed in the ecological history of India. Generally, this book reports new data along with new interpretations of old data, and, most importantly, it shows a new and alternative framework for understanding Indian society and history.
650 ## - SUBJECT ADDED ENTRY--TOPICAL TERM
Topical term or geographic name entry element Ecology
9 (RLIN) 35934
650 ## - SUBJECT ADDED ENTRY--TOPICAL TERM
Topical term or geographic name entry element History
9 (RLIN) 35935
700 ## - ADDED ENTRY--PERSONAL NAME
Personal name GADGIL (Madhav)
9 (RLIN) 35936
700 ## - ADDED ENTRY--PERSONAL NAME
Personal name GUHA (Ramachandra)
9 (RLIN) 35937
942 ## - ADDED ENTRY ELEMENTS (KOHA)
Source of classification or shelving scheme Dewey Decimal Classification
Koha item type George Fernandes Collections
Holdings
Withdrawn status Lost status Source of classification or shelving scheme Damaged status Not for loan Collection code Home library Current library Date acquired Total Checkouts Full call number Barcode Date last seen Cost, replacement price Price effective from Koha item type
    Dewey Decimal Classification     Sociology St Aloysius Library St Aloysius Library 03/23/2013   304.20954 GADF GF03054 05/11/2022 145.00 05/11/2022 George Fernandes Collections
    Dewey Decimal Classification     Sociology St Aloysius Library St Aloysius Library 03/24/2013   304.20954 GADF GF03060 05/24/2022   05/24/2022 George Fernandes Collections